Clinical Simulations in Nursing Education (Record no. 19209)

MARC details
000 -LEADER
fixed length control field 00541nam a22001697a 4500
008 - FIXED-LENGTH DATA ELEMENTS--GENERAL INFORMATION
fixed length control field 220214b |||||||| |||| 00| 0 eng d
020 ## - INTERNATIONAL STANDARD BOOK NUMBER
International Standard Book Number 1934758191
050 ## - LIBRARY OF CONGRESS CALL NUMBER
Classification number RT84.5
Item number .J44 2014
100 ## - MAIN ENTRY--PERSONAL NAME
Personal name Jeffries, Pamela R.
245 ## - TITLE STATEMENT
Title Clinical Simulations in Nursing Education
Remainder of title Advanced Concepts, Trends, and Opportunities
Statement of responsibility, etc. Pamela R. Jeffries
260 ## - PUBLICATION, DISTRIBUTION, ETC. (IMPRINT)
Place of publication, distribution, etc. Philadelphia
Name of publisher, distributor, etc. Wolters kluwer
Date of publication, distribution, etc. 2014
300 ## - PHYSICAL DESCRIPTION
Extent xxx, 280p.
650 ## - SUBJECT ADDED ENTRY--TOPICAL TERM
Topical term or geographic name as entry element Education nursing
Form subdivision methods
650 ## - SUBJECT ADDED ENTRY--TOPICAL TERM
Topical term or geographic name as entry element Patient simulation
650 ## - SUBJECT ADDED ENTRY--TOPICAL TERM
Topical term or geographic name as entry element Problem-Based
942 ## - ADDED ENTRY ELEMENTS (KOHA)
Source of classification or shelving scheme Library of Congress Classification
Koha item type General Collection
Holdings
Withdrawn status Lost status Source of classification or shelving scheme Not for loan Home library Current library Date acquired Cost, normal purchase price Total Checkouts Full call number Barcode Date last seen Price effective from Koha item type
    Library of Congress Classification   Kabarak, Main Campus Kabarak, Main Campus 14/02/2022 3977.00   RT84.5 .J44 2014 c.1 031560 14/02/2022 14/02/2022 General Collection
Designed with assistance from East African Informatics Ltd